| 000 | 01297cam a2200385 i 4500 | ||
|---|---|---|---|
| 001 | 44950 | ||
| 003 | KOSZ 005 | ||
| 005 | 20221208090241.0 | ||
| 008 | 050506s2004 pl a |000 0 pol | ||
| 015 | _aPB 2005/10451 | ||
| 020 | _a8392107500 | ||
| 040 |
_aWA N _cWA N _dKOSZ 005/HR |
||
| 046 | _k2004 | ||
| 080 | _a658.114(438) | ||
| 080 | _a658.114(100) | ||
| 080 | _a339.9 | ||
| 100 | 1 |
_aDaszkiewicz, Nelly _d(1968- ) _eAutor |
|
| 245 | 1 | 0 |
_aInternacjonalizacja małych i średnich przedsiębiorstw we współczesnej gospodarce / _cNelly Daszkiewicz. |
| 250 | _aWyd. 2 (popr.). | ||
| 260 |
_aGdańsk : _bScientific Publishing Group, _c2004. |
||
| 300 |
_a[4], 190 s. : _bmapa, wykr. ; _c24 cm. |
||
| 336 |
_2rdacontent _aTekst _btxt |
||
| 337 |
_2rdamedia _aBez urządzenia pośredniczącego _bn |
||
| 338 |
_2rdacarrier _aWolumin _bnc |
||
| 380 | _aKsiążki | ||
| 388 | _a2001- | ||
| 504 | _aBibliogr. s. 181-190. | ||
| 648 | 7 | _a2001- | |
| 650 | 4 | _aInternacjonalizacja przedsiębiorstw | |
| 650 | 4 | _aPrzedsiębiorstwa małe i średnie (MŚP) | |
| 651 | 7 | _aPolska | |
| 658 | _aGospodarka, ekonomia, finanse | ||
| 856 |
_uhttp://koha.tu.koszalin.pl/cgi-bin/koha/opac-detail.pl?biblionumber=44950 _yKatalog online BPK |
||
| 942 |
_2UKD _cKS |
||
| 999 |
_c44950 _d44950 |
||